[Event "35th European Club Cup 2019"]
[Site "Ulcinj"]
[Date "2019.11.10"]
[Round "1.9"]
[White "Predojevic, Borki"]
[Black "Van Baar, Esper"]
[Result "1/2-1/2"]
[WhiteElo "2621"]
[BlackElo "2176"]
[Annotator "TA"]
[PlyCount "139"]
[EventDate "2019.11.10"]
[EventType "team-tourn"]
[EventCountry "MNE"]
[SourceTitle "playchess.com"]
[Source "ChessBase"]
[SourceQuality "1"]
[WhiteTeam "Valerenga"]
[BlackTeam "Kennemer Combinatie"]

{[%evp 9,139,9,15,6,23,23,23,21,21,21,26,25,33,37,34,23,41,22,27,10,2,24,22,0,0,-11,0,0,35,29,29,29,57,37,37,29,36,21,21,11,15,0,0,0,0,-13,-13,-13,-4,-19,0,0,14,-15,-15,-15,-15,-15,-15,-15,-15,-15,-15,-15,-13,-25,0,-5,31,0,79,79,79,75,67,61,61,61,43,8,43,35,99,99,99,99,110,8,11,0,110,110,110,110,110,110,110,110,110,110,110,110,111,111,111,111,111,64,64,64,64,64,64,53,53,53,53,33,53,33,53,53,53,53,53,53,53,0,53,0,53,0]} 1. e4 c5 2. Nc3 d6 3. Bb5+ Nd7 4. a4 a6 5. Be2 Ngf6 6. Nf3 {B23: Closed Sicilian: Lines without g3} b6 7. d4 cxd4 8. Qxd4 {White has an edge.} e5 (8... Bb7 9. O-O e5 10. Qe3 Be7 11. Nd2 O-O 12. Rd1 Qc7 13. Nc4 {1-0 (39) Giri,A (2783)-Salem,A (2660) St Petersburg 2018}) 9. Qe3 Qc7 $146 ({Predecessor:} 9... Be7 10. O-O O-O 11. Nd2 Bb7 12. Rd1 {½-½ (41) Wharrier,J (2399)-Mirkowski,P (2383) ICCF email 2017}) 10. O-O Be7 11. Nd2 O-O 12. Rd1 Nc5 13. Nc4 Be6 14. a5 b5 15. Nb6 Rab8 16. Bd2 Ncd7 {[%cal Rd7b6]} 17. Nxd7 Nxd7 18. Na2 Nf6 19. Nb4 Qb7 20. Bf3 Ra8 21. b3 Rfc8 22. Qe2 Nd7 23. g3 Nb8 24. Be3 Nc6 25. Nd5 Bxd5 $1 26. exd5 Nd4 $1 {[%cal Rd4e2]} 27. Bxd4 exd4 28. Be4 Bf6 29. Rab1 Re8 30. Qf3 Be5 31. Bd3 g6 32. Re1 Bg7 33. Re4 f5 34. Rxe8+ Rxe8 35. b4 Re5 36. Kg2 Qc7 ({But not} 36... Rxd5 $2 37. Re1 $18) 37. h3 Qe7 38. Rd1 Re1 39. h4 Qe5 (39... Rxd1 $11 {keeps the balance.} 40. Qxd1 h5) 40. Rxe1 $16 Qxe1 {[#]} 41. g4 $1 {[%cal Rg4f5]} Qe7 42. gxf5 Qxh4 43. fxg6 hxg6 44. Kf1 Qg5 45. Qh3 Bh6 ({Black should try} 45... Qc1+ $14 46. Ke2 Qg5) 46. Qe6+ Kg7 47. Qd7+ Kg8 48. Qe8+ (48. Qxd6 $16 Qg4 49. Qxg6+ Qxg6 50. Bxg6) 48... Kg7 49. Qd7+ (49. Qe6 $11) 49... Kg8 50. Qxd6 Qc1+ 51. Ke2 Qd2+ 52. Kf3 {Strongly threatening Qe6+.} Qd1+ {[#]} 53. Kg2 $1 Qg4+ 54. Qg3 Qxg3+ 55. fxg3 {[%mdl 4096] Endgame KB-KB} Kf7 56. Bxb5 Bd2 57. Kf3 Bxb4 58. Bd3 Bxa5 59. Ke4 Bc3 60. Bxa6 Ke7 61. Bc8 Kd6 62. Be6 g5 63. Bh3 Bb2 64. Bf1 Bc3 65. Bc4 Bb2 66. Bb3 Bc3 67. Kf5 Bd2 68. Ke4 Bc3 $1 69. Kf5 Bd2 $1 70. Ke4 {Accuracy: White = 45%, Black = 62%.} (70. g4 $14) 1/2-1/2

[Event "35th European Club Cup 2019"]
[Site "Ulcinj"]
[Date "2019.11.10"]
[Round "1.9"]
[White "Banas, Kamil"]
[Black "Cvitan, Ognjen"]
[Result "1/2-1/2"]
[WhiteElo "2266"]
[BlackElo "2490"]
[Annotator "TA"]
[PlyCount "33"]
[EventDate "2019.11.10"]
[EventType "team-tourn"]
[EventCountry "MNE"]
[SourceTitle "playchess.com"]
[Source "ChessBase"]
[SourceQuality "1"]
[WhiteTeam "Modra"]
[BlackTeam "Riehen SG"]

{[%evp 12,33,118,114,109,110,117,44,104,42,106,96,246,239,327,335,361,324,338,336,384,326,330,330]} 1. e4 e5 2. Nf3 Nc6 3. Bb5 Bc5 4. d3 Nf6 5. O-O O-O 6. Bxc6 dxc6 7. Nxe5 Re8 {C65: Ruy Lopez: Berlin Defence (3...Nf6), unusual lines and 4 0-0 Bc5} 8. Nf3 Bg4 9. c3 ({White should play} 9. h3 $16 Bh5 10. Be3) (9. Nc3 Nd7 10. h3 Bh5 11. g4 Bg6 12. Be3 h5 13. Qd2 Bb4 14. Kg2 hxg4 15. hxg4 {1-0 (63) Suarez,M (2174)-Torres,F (2148) Monteros 2019}) 9... Qe7 $146 (9... Qd7 $14) ({Predecessor:} 9... h6 10. Re1 Qd7 11. e5 Nd5 12. d4 Be7 13. Nbd2 Nf4 {½-½ (34) Janotkova,K (1249)-Pilna,J (1100) Kouty nad Desnou 2015}) 10. d4 (10. h3 $16 Bxf3 11. Qxf3) 10... Rad8 (10... Bb6 $14) 11. e5 $16 {[#] Black must now prevent Bg5.} Ne4 (11... Nd7 $16 {keeps fighting.}) 12. Qe2 $18 Bxf3 13. Qxf3 Ng5 14. Bxg5 Qxg5 15. dxc5 Qxe5 16. Na3 Qxc5 17. Rad1 {[%mdl 32768] An unexpected result.} 1/2-1/2

[Event "35th European Club Cup 2019"]
[Site "Ulcinj"]
[Date "2019.11.10"]
[Round "1.10"]
[White "Ahvenjarvi, Jani"]
[Black "Rodshtein, Maxim"]
[Result "1/2-1/2"]
[WhiteElo "2309"]
[BlackElo "2653"]
[Annotator "TA"]
[PlyCount "85"]
[EventDate "2019.11.10"]
[EventType "team-tourn"]
[EventCountry "MNE"]
[SourceTitle "playchess.com"]
[Source "ChessBase"]
[SourceQuality "1"]
[WhiteTeam "Tammer-Shakki"]
[BlackTeam "Mednyi Vsadnik"]

{[%evp 14,85,52,52,41,39,50,35,36,27,42,34,34,32,39,45,46,26,39,46,46,46,54,45,47,47,54,47,42,47,55,40,40,40,40,40,40,29,40,40,32,40,40,37,45,37,37,33,37,37,43,35,32,43,44,0,0,0,0,0,0,0,0,0,15,0,0,0,0,0,0,0,0,0]} 1. e4 c5 2. Nf3 e6 3. d4 cxd4 4. Nxd4 a6 5. Bd3 Bc5 6. Nb3 Be7 7. O-O d6 8. Qg4 g6 {B42: Sicilian: Kan Variation: 5 Bd3} 9. Qe2 Nc6 10. c4 Nf6 {White is slightly better.} 11. Nc3 Ne5 12. Be3 $146 ({Predecessor:} 12. Bh6 Nfg4 13. Bg7 Rg8 14. Bxe5 Nxe5 15. f4 Nc6 16. Kh1 {½-½ (45) Bologan,V (2640)-Vitiugov,N (2726) Tallinn 2016}) 12... O-O 13. Rfd1 Qc7 14. Rac1 b6 15. Nd4 Bb7 16. f3 Nxd3 17. Qxd3 Nd7 18. b3 Rfc8 19. Qd2 Qd8 20. Nde2 Rab8 21. Bf4 Ne5 22. a4 Ba8 23. Kh1 Rb7 24. Qb2 {[#] Hoping for Bxe5.} Rd7 25. Rd2 Qc7 26. Rcd1 {Threatens to win with Bxe5.} Rdd8 27. h3 Bc6 28. Bg3 Qb7 29. Nd4 Be8 30. Bh2 Bf6 31. Qa3 Qc7 32. Nde2 {[%cal Rd2d6]} Be7 33. Qb2 Nc6 34. Nd4 (34. Bf4 {with more complications.} Na5 35. Be3 Qb7 36. Qa2 Nc6 37. Bh6) 34... Nxd4 {The position is equal.} 35. Rxd4 b5 36. axb5 axb5 37. Nxb5 Bxb5 38. cxb5 Qb6 39. Qd2 {[%cal Rh2d6]} Qxb5 40. Bxd6 Bxd6 41. Rxd6 Rxd6 42. Qxd6 Qxb3 43. Qd3 {Accuracy: White = 65%, Black = 78%.} 1/2-1/2

[Event "35th European Club Cup 2019"]
[Site "Ulcinj"]
[Date "2019.11.10"]
[Round "1.10"]
[White "Mesman, Edwyn"]
[Black "Romanov, Evgeny"]
[Result "0-1"]
[WhiteElo "2156"]
[BlackElo "2597"]
[Annotator "ChessBase"]
[PlyCount "56"]
[EventDate "2019.11.10"]
[EventType "team-tourn"]
[EventCountry "MNE"]
[SourceTitle "playchess.com"]
[Source "ChessBase"]
[SourceQuality "1"]
[WhiteTeam "Kennemer Combinatie"]
[BlackTeam "Valerenga"]
[TimeControl "40/5400+30:1800+30"]

1. d4 {[%emt 0:00:00]} Nf6 {[%emt 0:00:00]} 2. c4 {[%emt 0:00:00]} b6 {[%emt 0:00:05]} 3. Nc3 {[%emt 0:00:24]} Bb7 {[%emt 0:00:07]} 4. a3 {[%emt 0:01:41]} d5 {[%emt 0:03:05]} 5. Bg5 {[%emt 0:04:05]} dxc4 {[%emt 0:01:26]} 6. e3 {[%emt 0:06:06]} Nbd7 {[%emt 0:08:13]} 7. Nf3 {[%emt 0:01:10]} h6 {[%emt 0:06:51]} 8. Bxf6 {[%emt 0:04:25]} Nxf6 {[%emt 0:13:30]} 9. Bxc4 {[%emt 0:00:33]} e6 {[%emt 0:00:04]} 10. O-O {[%emt 0:03:45]} a6 {[%emt 0:01:42]} 11. Qe2 {[%emt 0:11:09]} Be7 {[%emt 0:01:12]} 12. Rfd1 {[%emt 0:01:45]} Nd5 {[%emt 0:03:47]} 13. e4 {[%emt 0:14:54]} Nxc3 {[%emt 0:00:53]} 14. bxc3 {[%emt 0:00:15]} O-O {[%emt 0:00:19]} 15. a4 {[%emt 0:10:24]} Qe8 {[%emt 0:00:19]} 16. Bd3 {[%emt 0:03:13]} a5 {[%emt 0:08:37]} 17. Ne5 {[%emt 0:04:43]} f6 {[%emt 0:04:14]} 18. Nf3 {[%emt 0:05:44]} e5 {[%emt 0:03:12]} 19. Nh4 {[%emt 0:04:20]} Kh7 {[%emt 0:11:04]} 20. Qg4 {[%emt 0:04:20]} Rd8 {[%emt 0:01:22]} 21. f4 {[%emt 0:09:46]} Bc8 {[%emt 0:02:48]} 22. f5 {[%emt 0:00:07]} exd4 {[%emt 0:00:35]} 23. cxd4 {[%emt 0:02:46]} Rxd4 {[%emt 0:01:12]} 24. Bb5 {[%emt 0:00:10]} Rxe4 {[%emt 0:07:55]} 25. Qg3 {[%emt 0:00:23]} Qh5 {[%emt 0:02:07]} 26. Ng6 {[%emt 0:00:48]} Rf7 {[%emt 0:02:46]} 27. Bd3 {[%emt 0:01:21]} Bc5+ {[%emt 0:00:54]} 28. Kh1 {[%emt 0:00:06]} Bd6 {[%emt 0:02:09]} 0-1

[Event "35th European Club Cup 2019"]
[Site "Ulcinj"]
[Date "2019.11.10"]
[Round "1.11"]
[White "Ponkratov, Pavel"]
[Black "Mertanen, Janne"]
[Result "1-0"]
[WhiteElo "2619"]
[BlackElo "2252"]
[Annotator "TA"]
[PlyCount "71"]
[EventDate "2019.11.10"]
[EventType "team-tourn"]
[EventCountry "MNE"]
[SourceTitle "playchess.com"]
[Source "ChessBase"]
[SourceQuality "1"]
[WhiteTeam "Mednyi Vsadnik"]
[BlackTeam "Tammer-Shakki"]

{[%evp 9,71,20,50,39,44,50,38,48,36,21,32,40,36,33,33,36,89,16,38,6,23,32,38,22,31,37,67,62,124,113,131,134,245,52,45,37,290,296,280,288,291,287,298,285,289,296,289,286,298,293,291,264,307,308,509,509,491,495,729,714,1252,1356,5126,4870]} 1. d4 Nf6 2. c4 c5 3. d5 b5 4. cxb5 a6 5. bxa6 g6 6. Nc3 {A58: Benko/Volga Gambit: Lines with 5 bxa6} Bg7 7. e4 O-O 8. Nf3 {White is slightly better.} (8. e5 Ne8 9. h4 Bxe5 10. Bh6 Bxa6 11. h5 Ng7 12. Nf3 Bxc3+ 13. bxc3 Bxf1 14. Kxf1 {1-0 (22) So,W (2780)-Duda,J (2737) chess.com INT 2018}) 8... Qa5 {White should prevent ...Nxe4.} 9. Nd2 {With the idea Nb3.} Bxa6 10. Be2 d6 11. O-O Bxe2 $146 ({Predecessor:} 11... Nbd7 12. a4 Bxe2 13. Qxe2 Rfb8 {1-0 (58) Tologontegin,S (2350)-Abreu Jean,C (2326) Baku 2016}) 12. Qxe2 Qa6 (12... Nbd7 $14) 13. Nc4 (13. Nb5 $1 $16) 13... Nbd7 $11 14. a4 Rfb8 15. Ra3 Rb4 16. Nb5 {Hoping for Bd2.} Nb6 17. b3 {aiming for Nc7.} Ne8 18. Bg5 $36 {[%mdl 2048] White is more active.} Kf8 ({Better is} 18... Bf8 $14) 19. e5 dxe5 20. f4 h6 {[#]} (20... Nxc4 $16 {might work better.} 21. bxc4 e4) 21. Bh4 $2 ({Worse is} 21. fxe5 hxg5 22. Qf2 f5 $17) ({Only move:} 21. Bxe7+ $1 $18 {[%mdl 512]} Kxe7 22. fxe5) 21... e4 $1 $14 22. Qxe4 Qb7 $2 {[%mdl 8192]} ({Black should play} 22... Bf6 $14) 23. Qxe7+ Qxe7 24. Bxe7+ Kxe7 25. Re1+ ({Resist} 25. Nxb6 $6 Rxb5 26. Re1+ (26. Nxa8 Bd4+ 27. Kh1 Rb8 $15) 26... Kd8 $18) 25... Kd8 26. Nxb6 Rxb5 27. Nxa8 Rb8 {[#]} 28. Rxe8+ $1 {[%mdl 64] Remove Defender, Deflection} Kxe8 $18 {[%mdl 4096] Endgame KRB-KRN} 29. Nc7+ Kd7 {[#]} 30. Nb5 $1 Bf8 31. Ra2 c4 $2 (31... Bd6 32. g3 Bc7) 32. bxc4 {White is clearly winning.} Rc8 33. Rc2 Ra8 (33... Bc5+ $142 34. Kf1 f5) 34. c5 {[%cal Bc4c5,Bc5c6][%mdl 32]} Rxa4 35. c6+ Kc8 36. d6 {Accuracy: White = 65%, Black = 46%.} 1-0

[Event "35th European Club Cup 2019"]
[Site "Ulcinj"]
[Date "2019.11.10"]
[Round "1.11"]
[White "Kaasen, Tor Fredrik"]
[Black "Duijn, Richard"]
[Result "1-0"]
[WhiteElo "2405"]
[BlackElo "2220"]
[Annotator "TA"]
[PlyCount "101"]
[EventDate "2019.11.10"]
[EventType "team-tourn"]
[EventCountry "MNE"]
[SourceTitle "playchess.com"]
[Source "ChessBase"]
[SourceQuality "1"]
[WhiteTeam "Valerenga"]
[BlackTeam "Kennemer Combinatie"]

{[%evp 9,101,24,24,24,20,0,23,19,20,11,68,63,103,57,153,52,56,54,59,45,70,71,85,37,33,37,52,33,52,31,38,17,38,2,9,0,0,0,36,30,29,29,30,11,54,18,202,81,108,-29,339,314,351,339,406,431,436,427,423,418,442,434,413,425,601,576,996,868,620,479,446,282,318,291,396,385,648,664,562,512,5281,2682,12833,12833,12833,12834,12831,12833,6648,6636,12837,12838,12839,12840]} 1. c4 Nf6 2. Nc3 c6 3. e4 d5 4. e5 d4 5. exf6 dxc3 6. bxc3 {A16: English Opening: 1...Nf6 with ...d5} exf6 (6... gxf6 7. d4 e5 8. Nf3 Bg4 9. Be2 Rg8 10. Rb1 Qc7 11. Nh4 Be6 12. O-O Na6 {1-0 (27) Vitiugov,N (2709)-Bromberger,S (2530) Germany 2011}) 7. d4 Bd6 8. Bd3 {White has an edge.} O-O 9. Ne2 Bg4 (9... c5 $11) 10. Qc2 $146 ({Predecessor:} 10. f3 Bh5 11. O-O Re8 12. Nf4 Bg6 13. Nxg6 hxg6 14. Qb3 Qc7 15. g3 Bxg3 16. hxg3 Qxg3+ 17. Kh1 Re5 18. dxe5 Qh3+ {½-½ (18) Retzlaff,W (1719)-Becker,M (2143) Pinneberg 2006}) 10... Kh8 11. Be3 ({Weaker is} 11. Bxh7 Bxe2 12. Kxe2 g6 $15) 11... Bh5 (11... Re8 $14) 12. Ng3 (12. Bxh7 $16 {Bd3 is the strong threat.} g6 13. Ng3) 12... Bg6 13. Nf5 Re8 14. O-O Bxf5 15. Bxf5 g6 16. Bd3 Qc7 17. g3 {Hoping for c5.} c5 18. Rab1 Nd7 19. Rfd1 Rad8 20. Bf1 h5 21. Qd2 b6 22. Rbc1 Kg7 23. Bg2 a5 24. Bd5 $36 {[%mdl 2048] White is pushing.} Rh8 25. Rb1 h4 26. Kg2 Qc8 27. Bf4 Be7 $2 (27... Bxf4 $11 28. Qxf4 cxd4) 28. Re1 (28. Qe2 $18 {and White stays clearly on top.} Rde8 29. Qf3) 28... Rde8 $16 29. dxc5 ({Better is} 29. gxh4 $16 Rxh4 30. Qe3) 29... Ne5 $2 {[%mdl 8192]} (29... h3+ $11 30. Kh1 Bxc5) 30. cxb6 $18 {[#] And now Rxe5 would win.} hxg3 31. Bxg3 (31. fxg3 Nxc4 32. Bxc4 Qxc4 $11) 31... Rd8 {If only Black now had time for ...Qh3+....} 32. Rxe5 fxe5 33. Bxe5+ f6 34. Bg3 Qh3+ 35. Kg1 Bd6 36. b7 Bb8 (36... Bxg3 $142 37. fxg3 Qh5) 37. Re1 {[#] Re7+ would kill now.} Rhe8 38. Rxe8 Rxe8 39. Bc6 Re5 40. Qd7+ Qxd7 41. Bxd7 {[%mdl 4096] Endgame KRB-KB} Rg5 42. Kf1 Rxg3 $2 (42... Re5 43. h4 Kf8) 43. fxg3 {KB-KB. White is clearly winning.} f5 44. Ke2 f4 (44... Kf8 $142 45. c5 Ke7) 45. gxf4 Bxf4 46. h4 Kf6 47. Kf3 Bh2 48. Ke4 Bg3 49. Kd5 Ke7 50. Kc6 Kd8 51. Bg4 {Accuracy: White = 58%, Black = 26%.} 1-0

[Event "35th European Club Cup 2019"]
[Site "Ulcinj"]
[Date "2019.11.10"]
[Round "1.11"]
[White "Skreno, Vladimir"]
[Black "Haag, Gregor"]
[Result "0-1"]
[WhiteElo "2130"]
[BlackElo "2368"]
[Annotator "TA"]
[PlyCount "72"]
[EventDate "2019.11.10"]
[EventType "team-tourn"]
[EventCountry "MNE"]
[SourceTitle "playchess.com"]
[Source "ChessBase"]
[SourceQuality "1"]
[WhiteTeam "Modra"]
[BlackTeam "Riehen SG"]

{[%evp 9,72,41,55,-12,28,18,61,51,75,45,60,56,75,41,36,29,26,-15,-19,-9,0,-18,0,0,0,-8,-9,-6,0,-16,-7,-32,-20,-40,-16,-21,-8,-12,0,0,9,13,24,28,28,-11,-22,-29,-14,-29,-30,-74,-41,-39,-36,-347,63,-320,-320,-320,-320,-428,-428,-29991,-29992]} 1. e4 e6 2. d4 d5 3. Nd2 Be7 4. c3 Nf6 5. Bd3 c5 6. dxc5 {C03: French Tarrasch: Unusual Black 3rd moves} (6. e5 $14 Nfd7 7. Ne2) 6... Bxc5 7. Qe2 dxe4 8. Nxe4 {White is slightly better.} Nxe4 9. Bxe4 Qb6 $146 ({Predecessor:} 9... Nd7 10. Nf3 O-O 11. O-O h6 12. Bf4 e5 13. Bxe5 Nxe5 14. Nxe5 {½-½ (23) Ivanchuk,V (2786)-Caruana,F (2640) Cap d'Agde 2008}) 10. Nf3 Nd7 11. Nd2 Nf6 12. Bd3 (12. Bc2 {seems wilder.} Bd7 13. O-O O-O 14. Rd1 Rfd8 15. a4) 12... Bd7 13. Ne4 Nxe4 14. Bxe4 Bc6 (14... Bb5 {feels hotter.} 15. c4 Bb4+ 16. Kf1 Bc6 17. Be3 Bc5) 15. O-O O-O 16. Bxc6 Qxc6 17. Bf4 Rfd8 18. Rad1 Qa4 19. b4 Be7 20. Rxd8+ Rxd8 21. Be5 Qd7 22. Re1 Qd2 {[#] ( -> ...Qxe2)} 23. Kf1 Qxe2+ (23... Qd5 {keeps more tension.} 24. h3 b6 25. a4 Qb3 26. Qa6 Rd1) 24. Kxe2 $11 {[%mdl 4096] Endgame KRB-KRB} Rd5 25. Bf4 Bf6 26. Rc1 a5 27. bxa5 Rxa5 28. Rc2 Kf8 29. c4 Ke8 30. Kd3 Ra3+ 31. Ke4 Ba1 {[%csl Ge6][%cal Rf7f5]} 32. Be5 $2 {[%mdl 8192]} (32. g4 $15) 32... f5+ $19 33. Kf4 {[#]} g5+ $1 {[%mdl 576] Deflection} 34. Kxg5 Bxe5 35. f4 Bg7 36. Rb2 (36. g3 $19) 36... Bxb2 {Accuracy: White = 31%, Black = 44%.} 0-1

[Event "35th European Club Cup 2019"]
[Site "Ulcinj"]
[Date "2019.11.10"]
[Round "1.12"]
[White "Wirthensohn, Heinz"]
[Black "Bury, Rastislav"]
[Result "1-0"]
[WhiteElo "2313"]
[BlackElo "2117"]
[Annotator "TA RC"]
[PlyCount "19"]
[EventDate "2019.11.10"]
[EventType "team-tourn"]
[EventCountry "MNE"]
[SourceTitle "playchess.com"]
[Source "ChessBase"]
[SourceQuality "1"]
[WhiteTeam "Riehen SG"]
[BlackTeam "Modra"]

{[%evp 9,35,74,322,313,313,316,352,308,461,451,747,641,929,793,843,847,1297,1268,1325,1267,1353,1350,1596,1591,1576,1558,1622,1619]} 1. e4 e5 2. Nf3 Nc6 3. Bb5 d6 4. d4 Qf6 (4... Bd7 5. Nc3 exd4 6. Nxd4 Nf6 7. O-O Be7 8. Bf4 O-O 9. Re1 Nxd4 10. Qxd4 Bxb5 11. Nxb5 Nd7 12. Qc4 a6 13. Nc3 Bf6 14. Nd5 Rc8 15. Qb4 b6 16. Rad1 Re8 17. b3 Be5 18. Be3 a5 19. Qd2 Nf6 20. Bg5 {½-½ (59) Navara,D (2740)-Andriasian,Z (2585) Katowice 2017}) 5. d5 Bd7 $146 {[#]} (5... a6 $16) ({Predecessor:} 5... Nge7 6. dxc6 bxc6 7. Be2 Bg4 8. Nc3 Bxf3 9. Bxf3 g6 10. Be3 Bg7 11. Qd2 O-O 12. Bg4 {1-0 (31) Hansen,T (1804)-Huse,A Helsingor 2013}) 6. dxc6 $18 {C62: Ruy Lopez: Steinitz Defence} bxc6 7. Bc4 Qg6 8. Nc3 {White is winning.} O-O-O (8... Be7 {was worth a try.} 9. O-O Nf6) 9. O-O {White is clearly winning.} Bh3 (9... Kb8 $142 10. Qd3 h6) 10. Ba6+ {Played: Nf3-g5} 1-0

[Event "35th European Club Cup 2019"]
[Site "Ulcinj"]
[Date "2019.11.10"]
[Round "1.12"]
[White "Duijn, Rob"]
[Black "Stenersen, Gudmund"]
[Result "1/2-1/2"]
[WhiteElo "2220"]
[BlackElo "2188"]
[Annotator "NA"]
[PlyCount "78"]
[EventDate "2019.11.10"]
[EventType "team-tourn"]
[EventCountry "MNE"]
[SourceTitle "playchess.com"]
[Source "ChessBase"]
[SourceQuality "1"]
[WhiteTeam "Kennemer Combinatie"]
[BlackTeam "Valerenga"]
[TimeControl "40/5400+30:1800+30"]

1. d4 {[%emt 0:00:00]} d5 {[%emt 0:00:00]} 2. c4 {[%emt 0:00:00]} e6 {[%emt 0:00:00]} 3. Nc3 {[%emt 0:00:00]} Nf6 {[%emt 0:00:01]} 4. Bg5 {[%emt 0:00:27]} c6 {[%emt 0:00:30]} 5. e3 {[%emt 0:00:34]} a6 {[%emt 0:00:33]} 6. cxd5 {[%emt 0:00:52]} cxd5 {[%emt 0:00:40]} 7. Bd3 {[%emt 0:01:02]} Nc6 {[%emt 0:00:26]} 8. Nf3 {[%emt 0:00:46]} Be7 {[%emt 0:02:51]} 9. O-O {[%emt 0:01:22]} O-O {[%emt 0:05:23]} 10. Rc1 {[%emt 0:02:10]} Bd7 {[%emt 0:03:27]} 11. Bb1 {[%emt 0:12:25]} Rc8 {[%emt 0:04:01]} 12. Qc2 {[%emt 0:03:37]} g6 {[%emt 0:01:33]} 13. Bh6 {[%emt 0:04:11]} Re8 {[%emt 0:00:37]} 14. Qd1 {[%emt 0:07:19]} b5 {[%emt 0:02:39]} 15. Ne5 {[%emt 0:07:10]} b4 {[%emt 0:15:42]} 16. Ne2 {[%emt 0:04:05]} Nxe5 {[%emt 0:05:08]} 17. dxe5 {[%emt 0:00:23]} Nh5 {[%emt 0:13:26]} 18. Nd4 {[%emt 0:05:24]} Qb6 {[%emt 0:06:09]} 19. Qf3 {[%emt 0:14:15]} Rxc1 {[%emt 0:01:58]} 20. Rxc1 {[%emt 0:00:04]} Rc8 {[%emt 0:00:29]} 21. Rxc8+ {[%emt 0:00:31]} Bxc8 {[%emt 0:00:10]} 22. g4 {[%emt 0:01:40]} Ng7 {[%emt 0:01:43]} 23. Bd3 {[%emt 0:08:15]} Qc7 {[%emt 0:03:58]} 24. Qe2 {[%emt 0:00:41]} a5 {[%emt 0:03:25]} 25. f4 {[%emt 0:02:28]} Bd7 {[%emt 0:01:59]} 26. Kg2 {[%emt 0:01:19]} f6 {[%emt 0:03:59]} 27. Bb5 {[%emt 0:13:36]} fxe5 {[%emt 0:01:08]} 28. fxe5 {[%emt 0:00:38]} Bxb5 {[%emt 0:04:38]} 29. Qxb5 {[%emt 0:00:06]} Qxe5 {[%emt 0:01:38]} 30. Bxg7 {[%emt 0:03:36]} Kxg7 {[%emt 0:00:21]} 31. Qd7 {[%emt 0:02:17]} Kf6 {[%emt 0:07:32]} 32. Kf3 {[%emt 0:01:04]} Bc5 {[%emt 0:02:14]} 33. g5+ {[%emt 0:01:18]} Qxg5 {[%emt 0:01:53]} 34. Qd8+ {[%emt 0:00:57]} Be7 {[%emt 0:00:36]} 35. Qh8+ {[%emt 0:00:02]} Kf7 {[%emt 0:00:52]} 36. Qxh7+ {[%emt 0:00:04]} Kf6 {[%emt 0:02:10]} 37. Qh8+ {[%emt 0:02:20]} Kf7 {[%emt 0:00:09]} 38. Qh7+ {[%emt 0:00:19]} Kf6 {[%emt 0:00:22]} 39. Qh8+ Kf7 1/2-1/2

[Event "35th European Club Cup 2019"]
[Site "Ulcinj"]
[Date "2019.11.10"]
[Round "1.12"]
[White "Iivonen, Markku"]
[Black "Goganov, Aleksey"]
[Result "0-1"]
[WhiteElo "2096"]
[BlackElo "2565"]
[Annotator "TA"]
[PlyCount "58"]
[EventDate "2019.11.10"]
[EventType "team-tourn"]
[EventCountry "MNE"]
[SourceTitle "playchess.com"]
[Source "ChessBase"]
[SourceQuality "1"]
[WhiteTeam "Tammer-Shakki"]
[BlackTeam "Mednyi Vsadnik"]

{[%evp 18,57,-16,-12,-19,-25,-15,-60,-56,-66,-49,-79,-67,-72,-68,-99,-70,-77,-81,-65,-12,-84,-75,-86,-70,-354,-333,-460,-483,-652,-585,-737,-694,-683,-647,-673,-670,-1025,-1016,-29997,-29998,-29999]} 1. e4 e5 2. Nf3 Nc6 3. Bb5 a6 4. Bxc6 dxc6 5. O-O Qf6 6. d4 exd4 7. Qxd4 Qxd4 8. Nxd4 Bd7 9. Nc3 O-O-O 10. Be3 Ne7 {C68: Ruy Lopez: Exchange Variation, sidelines} (10... Nf6 11. f3 Be7 12. Rad1 Rhe8 13. Rd2 c5 14. Nde2 b6 15. Rfd1 Bc6 16. Kf2 Rxd2 17. Rxd2 Bf8 18. g4 {0-1 (38) Sokolin,L (2508)-Najer,E (2670) St Petersburg 2018}) 11. Rfd1 Ng6 12. f4 $146 ({Predecessor:} 12. Nf3 f6 13. Na4 b6 14. c4 c5 15. Nc3 Bc6 16. Rxd8+ Kxd8 17. Rd1+ Kc8 18. Nd5 {½-½ (48) Ustich,E (2082)-Petrushev,N (2060) St Petersburg 2015}) 12... f6 {Black is slightly better.} 13. Kf2 Bd6 14. Nde2 Rde8 15. g3 h5 16. Nd4 c5 17. Nf3 Bc6 18. Nd2 b5 ({Better is} 18... h4 $15) 19. a4 (19. h4 $11) 19... b4 $17 20. Nd5 h4 21. Nc4 $2 {[%mdl 8192] [#]} (21. c3 $15) 21... hxg3+ $19 ({Don't take} 21... Rxe4 22. b3 $19) 22. Kxg3 {If only White now had time for Ndb6+....} Rxe4 23. b3 Nh4 24. Nxd6+ cxd6 25. Bf2 Nf5+ 26. Kg4 g6 27. c4 bxc3 28. Nxc3 {[#]} Re3 $1 {[%mdl 576] Deflection} 29. Bxe3 Rh4# {Accuracy: White = 10%, Black = 77%.} 0-1